000 01969nam2a22002771 4500
001 rc\3027069
005 20250809113017.0
035 _a(NLR Aleph) 007216848
090 _a88632
_c88632
100 _a20110929d1941 u y0rusy50 ca
101 0 _arus
102 _aRU
105 _ac z |||||
200 0 _aЧ. 1
_gСо статьями акад. Н.Н. Бурденко "Н. И. Пирогов - основоположник военно-полевой хирургии", [с. IX-XLIII], ген.-полк. Е.Н. Смирнов. "Орг. вопросы военно-полевой хирургии по Пирогову их совр. понимание", [с. XLIII-LIII]
210 _d1941
215 _aLV, 338 с., 1 л. портр.
_cпортр.
461 0 _1001rc\3027068
_12000#$aНачала общей военно-полевой хирургии, взятые из наблюдений военно-госпитальной практики и воспоминаний о Крымской войне и Кавказской экспедиции$fН. Пирогов$gПод общ. ред. акад. Н.Н. Бурденко$vЧ. 1
_1700#1$aПирогов$bН.И.$gНиколай Иванович$f1810-1881
464 0 _12001#$aН. И. Пирогов - основоположник военно-полевой хирургии
_1700#1$aБурденко$bН. Н.$gНиколай Нилович$f1876-1946$4070
464 0 _12001#$aОрганизационные вопросы военно-полевой хирургии по Пирогову и их современное понимание
_1700#1$aСмирнов$bЕ. И.$4070
801 0 _aRU
_bNLR
_gpsbo
801 1 _aRU
_bELAR
_2rusmarc
852 _aNLR
_jМд40 Г-5/61
942 _cBOOK
945 _aРоссийская национальная библиотека
_aЦентральная городская библиотека Нижнего Новгорода
980 _aBV